[Event "SUI-ch Blitz"]
[Site "Biel"]
[Date "2023.07.29"]
[Round "9"]
[White "Malli, Suvirr"]
[Black "Schweizer, Samuel"]
[Result "1/2-1/2"]
[WhiteElo "2094"]
[BlackElo "2084"]
[PlyCount "162"]
[EventDate "2023.07.29"]
[EventType "swiss (blitz)"]
[EventRounds "13"]
[EventCountry "SUI"]
[SourceTitle "CBM 215 Extra"]
[Source "ChessBase"]
[SourceDate "2023.09.30"]
[SourceVersion "1"]
[SourceVersionDate "2023.09.30"]
[SourceQuality "1"]

1. d4 a6 2. Nc3 h6 3. e4 d6 4. Be3 g6 5. f3 Bg7 6. Qd2 b5 7. g4 Bb7 8. 0-0-0 e6 9. Kb1 Nd7 10. h4 Ne7 11. Bg2 Nb6 12. Bf1 d5 13. e5 Nc6 14. f4 Qe7 15. h5 Nc4 16. Bxc4 dxc4 17. hxg6 fxg6 18. d5 Nd8 19. Rh2 b4 20. d6 cxd6 21. exd6 Qf6 22. Na4 Bd5 23. Bd4 Qxd4 24. Qxd4 Bxd4 25. Rxd4 Nc6 26. Rd1 Rb8 27. Nc5 Rb5 28. Nxa6 Kd7 29. Nc7 Rc5 30. Nxd5 Rxd5 31. Rhd2 Rxd2 32. Rxd2 Rf8 33. Ne2 e5 34. fxe5 Rf1+ 35. Nc1 Nxe5 36. a3 c3 37. Rd4 Nc6 38. Rd3 cxb2 39. Kxb2 bxa3+ 40. Rxa3 Kxd6 41. Rh3 Rg1 42. Rxh6 Rxg4 43. Nd3 Kd5 44. Rh8 g5 45. Kc3 Rg3 46. Rg8 g4 47. Kd2 Nd4 48. c4+ Kxc4 49. Ne5+ Kd5 50. Nxg4 Ra3 51. Ne3+ Ke4 52. Rg4+ Ke5 53. Nc4+ Kf5 54. Rxd4 Rh3 55. Ne3+ Ke5 56. Kd3 Rg3 57. Ra4 Kd6 58. Ra5 Kc6 59. Kd4 Kb6 60. Nc4+ Kc6 61. Rc5+ Kd7 62. Ne5+ Ke7 63. Rc6 Rh3 64. Kd5 Rh1 65. Rc7+ Kf6 66. Rf7+ Kg5 67. Ke6 Rh6+ 68. Kd5 Rh1 69. Rf2 Rd1+ 70. Ke6 Re1 71. Rf5+ Kh4 72. Rf6 Kg5 73. Rf5+ Kh4 74. Kf6 Re4 75. Rg5 Rf4+ 76. Kg6 Re4 77. Nd7 Re6+ 78. Nf6 Ra6 79. Rg4+ Kh3 80. Rf4 Kg3 81. Rf5 Kh3 1/2-1/2

[Event "SUI-ch Blitz"]
[Site "Biel"]
[Date "2023.07.29"]
[Round "12"]
[White "Schweizer, Samuel"]
[Black "Stijve, Niels"]
[Result "0-1"]
[WhiteElo "2084"]
[BlackElo "2088"]
[PlyCount "164"]
[EventDate "2023.07.29"]
[EventType "swiss (blitz)"]
[EventRounds "13"]
[EventCountry "SUI"]
[SourceTitle "CBM 215 Extra"]
[Source "ChessBase"]
[SourceDate "2023.09.30"]
[SourceVersion "1"]
[SourceVersionDate "2023.09.30"]
[SourceQuality "1"]

1. a3 a6 2. h3 c5 3. g4 d5 4. Bg2 Nc6 5. d3 h5 6. g5 e5 7. e4 dxe4 8. Bxe4 Be7 9. Nf3 Nd4 10. Nxd4 cxd4 11. h4 Rb8 12. Nd2 b5 13. Nf3 Bg4 14. Qd2 Qd6 15. Nh2 f5 16. gxf6 Nxf6 17. Bg6+ Kd7 18. Nxg4 Nxg4 19. Bf5+ Kc7 20. Qa5+ Kb7 21. Be4+ Ka7 22. f3 Nf6 23. Bd2 Nd5 24. Bb4 Nxb4 25. axb4 Qxb4+ 26. Qxb4 Bxb4+ 27. Ke2 Rbc8 28. Rac1 Rhf8 29. Rhg1 Rc7 30. Rg5 Rh8 31. Rxe5 Bd6 32. Rd5 Bf4 33. Kd1 Bxc1 34. Kxc1 Rhc8 35. c3 dxc3 36. b3 Kb6 37. Kc2 Rc5 38. Rd6+ Ka5 39. d4 R5c7 40. Rd5 Kb4 41. Rxh5 Rd8 42. d5 a5 43. Rg5 a4 44. bxa4 Kxa4 45. Rg6 Kb4 46. h5 Kc4 47. d6 Ra7 48. Bd3+ Kc5 49. Rg5+ Kxd6 50. Bxb5 Rc8 51. Rg6+ Ke5 52. Rc6 Rxc6 53. Bxc6 Rc7 54. Be4 Kf4 55. Bd5 Kg5 56. f4+ Kxh5 57. f5 Kg5 58. Be6 Kf6 59. Kc1 Rc5 60. Kc2 Rxf5 61. Bxf5 Kxf5 62. Kxc3 Kf4 63. Kd2 Kg3 64. Ke2 g5 65. Kf1 Kh2 66. Kf2 g4 67. Kf1 g3 68. Ke2 g2 69. Kd3 g1Q 70. Ke4 Qf2 71. Kd3 Qf6 72. Ke4 Kg3 73. Kd5 Qe7 74. Kd4 Qe6 75. Kc5 Qd7 76. Kc4 Qd6 77. Kb5 Qc7 78. Kb4 Kf3 79. Kb5 Ke4 80. Kb4 Kd4 81. Kb5 Qb7+ 82. Ka4 Kc4 0-1

[Event "Bern op"]
[Site "Bern"]
[Date "2023.05.19"]
[Round "3"]
[White "Mamalis, Prokopios2222"]
[Black "Schweizer, Samuel"]
[Result "1/2-1/2"]
[WhiteElo "2132"]
[BlackElo "1990"]
[PlyCount "116"]
[EventDate "2023.05.18"]
[EventType "swiss"]
[EventRounds "7"]
[EventCountry "SUI"]
[SourceTitle "CBM 214 Extra"]
[Source "ChessBase"]
[SourceDate "2023.07.31"]
[SourceVersion "1"]
[SourceVersionDate "2023.07.31"]
[SourceQuality "1"]

1. e4 g6 2. d4 Bg7 3. Nc3 d6 4. Bg5 h6 5. Be3 a6 6. Qd2 b5 7. f3 Bb7 8. Nge2 Nd7 9. g4 e6 10. h4 Ne7 11. Ng3 Rc8 12. Nce2 c5 13. Bg2 Qc7 14. c3 Nb6 15. b3 a5 16. Rb1 cxd4 17. cxd4 Qc2 18. 0-0 Qxd2 19. Bxd2 Nc6 20. Be3 d5 21. e5 Nb4 22. Bd2 Rc2 23. Bxb4 axb4 24. Rfc1 Rxa2 25. Rc7 Ra7 26. Nf4 0-0 27. Nd3 Rc8 28. Rbc1 Bf8 29. Rxc8 Nxc8 30. Rc7 Ba6 31. Rxa7 Nxa7 32. g5 hxg5 33. hxg5 Nc6 34. Ne2 Be7 35. f4 Bd8 36. Kf2 Bb6 37. Ke3 Kf8 38. Ne1 Na5 39. Nc1 Nc4+ 40. Kd3 Nb2+ 41. Ke3 Nd1+ 42. Ke2 Nc3+ 43. Kd3 Ke7 44. Nc2 Ba5 45. Ke3 Nd1+ 46. Kd2 Nb2 47. Na2 Nc4+ 48. Kd3 Bb7 49. Ncxb4 Kd7 50. Nc2 Nb2+ 51. Ke2 Kc6 52. Ncb4+ Kc7 53. Kd2 Bb6 54. Nc2 Ba5+ 55. Nab4 Kb6 56. Kc1 Bxb4 57. Nxb4 Ka5 58. Kxb2 Kxb4 1/2-1/2

[Event "Belp op"]
[Site "Belp"]
[Date "2015.05.23"]
[Round "1"]
[White "Schweizer, Samuel"]
[Black "Cannatella, Joseph"]
[Result "1-0"]
[WhiteElo "2120"]
[BlackElo "1747"]
[PlyCount "65"]
[EventDate "2015.05.23"]
[EventType "swiss"]
[EventRounds "5"]
[EventCountry "SUI"]
[SourceTitle "EXT 2016"]
[Source "ChessBase"]
[SourceDate "2015.10.08"]
[SourceVersion "1"]
[SourceVersionDate "2015.10.08"]
[SourceQuality "1"]

1. e4 g5 2. Nc3 Bg7 3. Bc4 c5 4. d3 e6 5. Qh5 h6 6. f4 Nf6 7. Qf3 g4 8. Qe2 Nc6 9. e5 Nd4 10. Qf2 Ng8 11. Be3 Qb6 12. 0-0-0 d5 13. exd6 Qxd6 14. Nb5 Qb6 15. Nc3 Ne7 16. h3 f5 17. hxg4 fxg4 18. Bb3 Nef5 19. Ba4+ Bd7 20. Bxd7+ Kxd7 21. Nge2 Nxe2+ 22. Qxe2 Ng3 23. Qxg4 Bxc3 24. bxc3 Nxh1 25. Qg7+ Kd6 26. Qe5+ Kd7 27. Rxh1 Rac8 28. Qg7+ Kc6 29. Rh5 Rcg8 30. Qe7 Rxg2 31. Rxc5+ Qxc5 32. Qxc5+ Kd7 33. Qd4+ 1-0

[Event "SUI-ch HT"]
[Site "Bern"]
[Date "2014.09.28"]
[Round "2"]
[White "Wyss, Jonas"]
[Black "Schweizer, Samuel"]
[Result "1-0"]
[WhiteElo "2270"]
[BlackElo "1986"]
[PlyCount "89"]
[EventDate "2014.09.27"]
[EventType "swiss"]
[EventRounds "9"]
[EventCountry "SUI"]
[SourceTitle "EXT 2016"]
[Source "ChessBase"]
[SourceDate "2015.10.08"]
[SourceVersion "1"]
[SourceVersionDate "2015.10.08"]
[SourceQuality "1"]

1. e4 e5 2. Nf3 Nc6 3. Bb5 a6 4. Ba4 Nf6 5. 0-0 Be7 6. Re1 b5 7. Bb3 d6 8. c3 0-0 9. h3 Na5 10. Bc2 c5 11. d4 Nd7 12. Nbd2 exd4 13. cxd4 Nc6 14. d5 Nce5 15. Nxe5 Nxe5 16. f4 Ng6 17. Nf3 Bh4 18. Nxh4 Qxh4 19. f5 Ne5 20. Rf1 g5 21. fxg6 hxg6 22. Bf4 Re8 23. Qe1 Qxe1 24. Raxe1 Bb7 25. Bg5 a5 26. Rf4 Nc4 27. Bf6 Re5 28. b3 Na3 29. Bd1 g5 30. Bxe5 gxf4 31. Bxd6 Re8 32. Bxc5 b4 33. d6 Nb5 34. d7 Rd8 35. Bg4 Bc6 36. Bb6 Rxd7 37. Bxd7 Bxd7 38. Bxa5 Nd4 39. Rd1 Ne2+ 40. Kf2 Bb5 41. Bxb4 Ng3 42. Rd8+ Kh7 43. Kf3 Ne2 44. a4 Ba6 45. Rd6 1-0

[Event "Lenk op 23rd"]
[Site "Lenk"]
[Date "2012.04.06"]
[Round "3"]
[White "Thuerig, Catherine"]
[Black "Schweizer, Samuel"]
[Result "1-0"]
[WhiteElo "2046"]
[BlackElo "1845"]
[PlyCount "55"]
[EventDate "2012.04.05"]
[EventType "swiss"]
[EventRounds "7"]
[EventCountry "SUI"]
[SourceTitle "CBM 148 Extra"]
[Source "ChessBase"]
[SourceDate "2012.06.22"]
[SourceVersion "1"]
[SourceVersionDate "2012.06.22"]
[SourceQuality "1"]

1. e4 g6 2. d4 Bg7 3. Nc3 d6 4. Be3 a6 5. f3 Nd7 6. Qd2 b5 7. 0-0-0 e6 8. Kb1 Bb7 9. g4 Rc8 10. h4 h6 11. d5 e5 12. Nge2 Nb6 13. Ng3 Ne7 14. Bd3 c5 15. dxc6 Nxc6 16. Nd5 Nxd5 17. exd5 Na5 18. Be2 Nc4 19. Bxc4 Rxc4 20. Ne4 f5 21. gxf5 gxf5 22. Qg2 Kf8 23. Rhg1 Rg8 24. Bxh6 fxe4 25. Bxg7+ Ke8 26. Qg6+ Kd7 27. Qe6+ Kc7 28. Bf6 1-0

[Event "Zuerich op-B 35th"]
[Site "Zuerich"]
[Date "2011.12.30"]
[Round "7"]
[White "Marty, Fridolin"]
[Black "Schweizer, Samuel"]
[Result "1-0"]
[WhiteElo "1972"]
[BlackElo "1883"]
[PlyCount "63"]
[EventDate "2011.12.26"]
[EventType "swiss"]
[EventRounds "7"]
[EventCountry "SUI"]
[SourceTitle "CBM 146 Extra"]
[Source "ChessBase"]
[SourceDate "2012.02.29"]
[SourceVersion "1"]
[SourceVersionDate "2012.02.29"]
[SourceQuality "1"]

1. e4 g6 2. d4 Bg7 3. Nc3 d6 4. Be3 a6 5. Qd2 Nd7 6. Bc4 e6 7. Bb3 b5 8. a4 b4 9. Nce2 a5 10. Ng3 c5 11. Nf3 Ba6 12. c4 bxc3 13. bxc3 Rb8 14. Bd1 Nb6 15. Qc2 Nc4 16. Bc1 Ne7 17. Be2 Qb6 18. 0-0 0-0 19. e5 cxd4 20. cxd4 Rfc8 21. Qe4 Nd5 22. Re1 Nc3 23. Qh4 Nxe2+ 24. Nxe2 Qb4 25. Bh6 Bh8 26. Nf4 dxe5 27. Nh5 f5 28. Nf6+ Kf7 29. dxe5 Nb2 30. Ng5+ Ke7 31. Bf8+ Kxf8 32. Qxh7 1-0

[Event "Zuerich op-B 35th"]
[Site "Zuerich"]
[Date "2011.12.28"]
[Round "4"]
[White "Cucchiani, Claudio"]
[Black "Schweizer, Samuel"]
[Result "0-1"]
[WhiteElo "2026"]
[BlackElo "1883"]
[PlyCount "58"]
[EventDate "2011.12.26"]
[EventType "swiss"]
[EventRounds "7"]
[EventCountry "SUI"]
[SourceTitle "CBM 146 Extra"]
[Source "ChessBase"]
[SourceDate "2012.02.29"]
[SourceVersion "1"]
[SourceVersionDate "2012.02.29"]
[SourceQuality "1"]

1. d4 g6 2. c4 Bg7 3. Nf3 d6 4. Nc3 Nc6 5. e4 Bg4 6. Be3 e5 7. d5 Nd4 8. Be2 Bxf3 9. Bxf3 Ne7 10. 0-0 0-0 11. Bg4 f5 12. Bh3 c5 13. dxc6 bxc6 14. Rb1 Rb8 15. b4 Qc7 16. f3 Rb7 17. Ne2 Nxe2+ 18. Qxe2 Rfb8 19. Qd2 a5 20. a3 axb4 21. axb4 Bf8 22. Rfd1 f4 23. Bf2 Nc8 24. g3 fxg3 25. hxg3 Qf7 26. f4 Qxc4 27. Rdc1 Qxe4 28. fxe5 d5 29. Rxc6 Qxb1+ 0-1

[Event "SUI-ch U14"]
[Site "Belp"]
[Date "2010.07.03"]
[Round "5"]
[White "Schweizer, Samuel"]
[Black "Kuenzi, Anton"]
[Result "1-0"]
[WhiteElo "1599"]
[BlackElo "1619"]
[PlyCount "45"]
[EventDate "2010.06.29"]
[EventType "swiss"]
[EventRounds "7"]
[EventCountry "SUI"]
[SourceTitle "EXT 2012"]
[Source "ChessBase"]
[SourceDate "2011.11.24"]
[SourceVersion "1"]
[SourceVersionDate "2011.11.24"]
[SourceQuality "1"]

1. e4 e6 2. d4 d5 3. Nc3 Bb4 4. e5 c5 5. a3 Bxc3+ 6. bxc3 c4 7. Qg4 g6 8. Ne2 f6 9. Bf4 Nc6 10. h4 Qb6 11. h5 g5 12. exf6 h6 13. Be5 Nxe5 14. dxe5 Qb2 15. Rc1 Qxa3 16. f4 Nxf6 17. exf6 e5 18. Qf3 e4 19. Qg3 Rg8 20. f5 Kd8 21. Qe5 Qc5 22. Rd1 Re8 23. Rxd5+ 1-0